000 00574nam a22001691a 4500
020 _a1906329001
_c0.00
040 _aNEGST Library - Kenya
082 _aDT 2889.D39 2007
100 _aAshurst, Mark
245 _aThe day after Mugabe :
_bprospects for change in Zimbabwe
_cedited by Gugulethu Moyo with Mark Ashurst
_h[Text]
260 _aLondon
_bAfrican Research Institute
_c2007
300 _a214 p.;
500 _aIncludes bibliography [Africana]
600 _aZimbambwe - General works
700 _aMoyo, Gugulethu
852 _922.50
999 _c33021
_d33021